00321nam a2200145Ia 45000030006000000080041000060400015000471000028000622450012000902500006001022600032001083000006001405460012001460050017001580STCL150530s9999 xx 000 0 und d aSTCLcSTCL aPerumpadavam Sreedharan aSmrithi a1 bSankeerthanam; Kollamc2004 a0 aEnglish20220125171538.0